000 01233cam a22003733a 4500
001 0000713
003 DO-SdBNP
005 20170915132006.0
007 0000713
008 861112 2007 sp ac 000 0 spa d
010 _a
020 _a8482360892
040 _aBPMSU
_cspa
_dBPMSU
_d
082 _aR 630
_bG682b
100 1 _aGostincar i Turon, Janez
245 1 0 _aBiblioteca de la agricultura /
_cJanez Gostincar i Turon, María Paz Yuste Pérez
260 0 _aBarcelona :
_bLexus,
_c2007.
300 _a762 p. :
_bil., retrato
_c34 cm.
500 _aIncluye índice analítico.
500 _aIncluye glosario de términos.
504 _aBibliografía: p. 752
505 0 _gSuelos, abonos y materia orgánica --
_tLos frutales --
_tDefensa de las plantas cultivadas --
_tTécnicas agrícolas en cultivos extensivos --
_tHorticultura --
_tCultivo en invernadero --
600 0 0 _a
_x
650 4 _aAGRICULTURA
650 4 _aINGENIERIA AGRÍCOLA
650 4 _aABONOS Y FERTILIZANTES
650 4 _aHORTICULTURA
650 4 _aFRUTAS
700 1 2 _aYuste Pérez, María Paz
910 _aValidado. Control de calidad MFF
942 _2ddc
_cBK
945 _aInventariado, 2017/MFF
956 _2YLOCKWARD
_310
_8BPMSU
999 _c11535
_d11535